| 000 | 01998nam0a2200313 i 4500 | ||
|---|---|---|---|
| 001 | RU\NLR\BIBL_A\011560485 | ||
| 005 | 20241110063904.0 | ||
| 035 | _a(NLR Aleph) 011560485 | ||
| 090 |
_a12276228 _c12276228 |
||
| 100 | _a20171218d2017 u y0rusy50 ca | ||
| 101 | 0 | _arus | |
| 102 | _aRU | ||
| 105 | _aa g 010zy | ||
| 200 | 1 |
_aЭпоха трудовых свершений _eк Году истории в Ленинградской области и 90-летию образования Ленинградской области _eкаталог выставки _fЛенинградская областная универсальная научная библиотека, Отдел обслуживания _g[сост.: Е.А. Абаимова] |
|
| 210 |
_aСанкт-Петербург _cЛенинградская областная универсальная научная библиотека _d2017 |
||
| 215 |
_a20 с. _cил. _d21 |
||
| 320 | _aБиблиогр. в тексте | ||
| 517 | 1 | _aК Году истории в Ленинградской области и 90-летию образования Ленинградской области | |
| 607 |
_aЛенинградская область _jБиблиография _xИстория _91007311 _3RU\NLR\AUTH\66382981 |
||
| 686 | 1 | _aТ3(2Р-4Ле)я1 | |
| 702 | 1 |
_aАбаимова _bЕ. А. _4220 |
|
| 711 | 1 | 2 |
_a"Эпоха трудовых свершений", областная кольцевая выставка _eСанкт-Петербург _f2017 _9581789 _3RU\NLR\AUTH\880459486 |
| 712 | 0 | 2 |
_4570 _aЛенинградская областная универсальная научная библиотека _bОтдел обслуживания _cСанкт-Петербург _9581790 _3RU\NLR\AUTH\880459487 |
| 942 | _cBOOK | ||
| 980 | _aNBR | ||